States of New England by area - Statistics

General Stats
  • This quiz has been taken 76 times
  • The average score is 6 of 6
Answer Stats
Rank The states (by area) % Correct
1 Maine
98%
2 Massachusetts
97%
3 Vermont
97%
5 Connecticut
95%
4 New Hampshire
95%
6 Rhode Island
94%
No matching quizzes found
Score Distribution
Percent of People with Each Score
Percentile by Number Answered
Your Score History
You have not taken this quiz